000 00420nam a22001697a 4500
005 20180425111428.0
008 160601b xxu||||| |||| 00| 0 eng d
020 _a81-259-0292-9
041 _aeng
082 _b363.7
100 _aPandey, G.N.
_91646
245 _aEnvironmental Management
260 _aNew Delhi
_bVikas Publishing House (P) Ltd.
_c2005
300 _a387
650 _aManagement
_9241
942 _cBK
999 _c2319
_d2318